00505cam a22001457a 4500008004000000082001600040100002500056245008800081260002800169300001000197650002700207700001900234999001900253952008700272180718b1996 xxu||||| |||| 00| 0 eng d aI27x54 P191 aPanandiker, V.A. Pai aThe Indian cabinet: a study in governancecby V.A. Pai Panandiker and Ajay K. Mehra aNew DelhibKonarkc1996 a300p. aCabinet system - India aMehra, Ajay K. c380428d380428 00104070aIIPAbIIPAd1996-12-18oI27x54 P191p71399r2018-07-21w2018-07-21yBK